Súvislosti možného zvyšovania konkurencieschopnosti priemyslu SR v podmienenosti základných indikátorov vedecko-technického vývoja
Rozsah a efektívnosť sektora vedy. Otázky financovania výskumu a vývoja. Prehľad výdavkov na výskum a vývoj v SR. Charakteristika financovania vedy a výskumu podľa sektorov. Vysokoškolský sektor. Podnikateľský sektor. Geografické rozdelenie výdavkov na vedu a výskum v rámci krajov Slovenska. Ľudské...
Gespeichert in:
| 1. Verfasser: | |
|---|---|
| Format: | Buchkapitel |
| Sprache: | Slowakisch |
| Schlagworte: | |
| Tags: |
Keine Tags, Fügen Sie das erste Tag hinzu!
|
MARC
| LEADER | 00000naa$a2200000$$$4500 | ||
|---|---|---|---|
| 001 | 0051024 | ||
| 005 | 20240711093021.9 | ||
| 041 | 0 | |a slo | |
| 044 | |a SK | ||
| 245 | 1 | 0 | |a Súvislosti možného zvyšovania konkurencieschopnosti priemyslu SR v podmienenosti základných indikátorov vedecko-technického vývoja |
| 520 | |a Rozsah a efektívnosť sektora vedy. Otázky financovania výskumu a vývoja. Prehľad výdavkov na výskum a vývoj v SR. Charakteristika financovania vedy a výskumu podľa sektorov. Vysokoškolský sektor. Podnikateľský sektor. Geografické rozdelenie výdavkov na vedu a výskum v rámci krajov Slovenska. Ľudské zdroje v oblasti vedy a výskumu. Vývoj štruktúry zamestnanosti vo vede a technike SR. Úroveň kvality ľudských zdrojov vo výskume a vývoji. Index technologického úspechu. | ||
| 610 | 2 | 0 | |a veda |
| 610 | 2 | 0 | |a výskum |
| 610 | 2 | 0 | |a konkurencieschopnosť |
| 610 | 2 | 0 | |a priemysel |
| 610 | 2 | 0 | |a Slovensko |
| 610 | 2 | 0 | |a financovanie vedy |
| 610 | 2 | 0 | |a financovanie vývoja |
| 610 | 2 | 0 | |a zdroje ľudské |
| 610 | 2 | 0 | |a kvalita |
| 100 | 1 | |a Zorkóciová, Otília, 1954- | |